Informe de Facultades. Período 1997
Shranjeno v:
| Korporativna značnica: | |
|---|---|
| Format: | Knjiga |
| Jezik: | španščina |
| Izdano: |
Valparaíso
Ediciones Universitarias de Valparaíso
1998
|
| Izdaja: | 1a. ed |
| Teme: | |
| Oznake: |
Označite
Brez oznak, prvi označite!
|
MARC
| LEADER | 00000nam a2200000 a 4500 | ||
|---|---|---|---|
| 001 | UCJ5760 | ||
| 003 | CL-VaPUC | ||
| 008 | 070124e19980600CL |||||||||||||||||spa|d | ||
| 082 | 0 | 4 | |a 378 |b UNI |2 21 |
| 110 | 2 | |a Universidad Católica de Valparaíso |e author |9 511471 | |
| 245 | 1 | 0 | |a Informe de Facultades. Período 1997 |
| 250 | |a 1a. ed | ||
| 300 | |a 2 v | ||
| 651 | 0 | |a Valparaíso, Chile |9 261144 | |
| 942 | |c BK | ||
| 945 | |d 20070124 00:00:00 |a rinostro | ||
| 260 | |a Valparaíso |b Ediciones Universitarias de Valparaíso |c 1998 | ||
| 500 | |a Volumen I, Facultades de: Agronomía, Arquitectura y Urbanismo, Ciencias Básicas y matemáticas, Ciencias Económicas y Administrativas, Ciencias Jurídicas y Sociales. Volumen II: Filosofía y Educación, Ingeniería, Recursos Naturales e Instituto de Ciencias Religiosas (Ad Instar Facultatis) | ||
| 650 | 0 | |a Educación superior |9 223851 | |
| 650 | 0 | |a Universidades chilenas |9 407335 | |
| 583 | |a last modification |c 20070124 00:00:00 |k Rodrigo Vera | ||
| 999 | |c 321869 |d 321867 | ||
| 952 | |0 0 |1 0 |4 0 |6 378_000000000000000_UNI_1998 |7 0 |8 X |9 400740 |a FDOBUD |b FDOBUD |d 2019-11-22 |h v.1 |i 1039199 |o 378 UNI 1998 |p 1039199 |r 2019-11-22 |w 2019-11-22 |y BK_X |k FHP | ||
| 952 | |0 0 |1 0 |4 0 |6 378_000000000000000_UNI_1998 |7 0 |8 X |9 400741 |a FDOBUD |b FDOBUD |d 2019-11-22 |h v.2 |i 1039180 |o 378 UNI 1998 |p 1039180 |r 2019-11-22 |w 2019-11-22 |y BK_X |k FHP | ||
| 952 | |0 0 |1 0 |4 0 |6 378_000000000000000_UNI_1998 |7 0 |8 X |9 400742 |a FDOBUD |b FDOBUD |d 2019-11-22 |h v.1 |i 1043552 |o 378 UNI 1998 |p 1043552 |r 2019-11-22 |w 2019-11-22 |y BK_X |k FHP | ||
| 952 | |0 0 |1 0 |4 0 |6 378_000000000000000_UNI_1998 |7 0 |8 X |9 400743 |a FDOBUD |b FDOBUD |d 2019-11-22 |h v.2 |i 1043560 |o 378 UNI 1998 |p 1043560 |r 2019-11-22 |w 2019-11-22 |y BK_X |k FHP | ||